000
00191nam a22000857a 4500
008
170620b xxu||||| |||| 00| 0 eng d
100
_9
3529
_a
Park. C. S
245
_a
A Single shard
260
_c
2003
999
_c
6913
_d
6913